Commercial arbitration

Bibliographic Details
Main Author: Salleh Buang
Other Authors: Maimoonah Hamid
Format: Book
Published: Kuala Lumpur : Central Law Book Corporation Sdn.Bhd. 9--?
Subjects:

MARC

LEADER 00000cam a2200000 7i4500
001 0000003085
002 000003338
005 20000330.0
020 |a 9839088076 
090 0 0 |a 347.09   |b SAL 
100 0 |a Salleh Buang 
245 1 0 |a Commercial arbitration   |c Salleh Buang and Maimoonah Hamid 
260 |a Kuala Lumpur :   |b Central Law Book Corporation Sdn.Bhd. 9--? 
300 |a 558p. ;   |c 23cm. 
650 0 0 |a Arbitration and award 
700 0 |a Maimoonah Hamid 
999 |a 036642   |b BUKU   |c PINJAMAN   |e PERPUSTAKAAN KOMUNITI PETALING JAYA